Statistics for Guess The WWE superstar

Click here to take the quiz!

General Stats

  • This quiz has been taken 433 times
  • The average score is 9 of 13

Answer Stats

HintAnswer% Correct
RKORandy Orton
95%
Dirty DeedsDean Ambrose
92%
Attitude AdjustmentJohn Cena
92%
SpearRoman Reigns
91%
Skull Crushing FinaleThe Miz
87%
F5Brock Lesnar
83%
Cesaro SwingCesaro
82%
CodebreakerChris Jericho
79%
PedigreeSeth Rollins
74%
Salido del solKalisto
58%
AccoladeRusev
53%
Broski BootZack Ryder
51%
Halluva KickDolph Zighler
0%

Score Distribution

Percentile by Number Answered

Percent of People with Each Score

Your Score History

You have not taken this quiz